|
|
|
|
| LEADER |
00000nab a2200000 a 4500 |
| 001 |
vtls000603671 |
| 003 |
SK-MaSNL |
| 005 |
20260303121811.0 |
| 008 |
160401c1996 xo 0 slo |
| 015 |
|
|
|a SNBRB19rr/mm-uuuuu
|
| 035 |
|
|
|a CL0603810
|
| 040 |
|
|
|a SNKBUCL
|b slo
|c SNKBUCL
|e AACR2
|
| 041 |
0 |
|
|a slo
|
| 044 |
|
|
|a xo
|c SK
|
| 080 |
|
|
|a 69.024.3:696.43
|2 1981
|
| 080 |
|
|
|a 696.43
|2 1981
|
| 080 |
|
|
|a 699.86
|2 1981
|
| 100 |
1 |
|
|a Keller, Petr
|4 aut
|9 784566
|
| 245 |
1 |
0 |
|a Obvodové konštrukcie budovy a úspory energie
|b Podkrovie (šikmá strecha) - plochá strecha - fasáda - okno - podlaha
|c Petr Keller
|
| 300 |
|
|
|b Fotogr. 4
|
| 500 |
|
|
|a Pokračovanie
|
| 650 |
0 |
7 |
|a ploché strechy
|2 snkbucl
|9 51436
|
| 650 |
0 |
7 |
|a izolácie tepelné
|2 snkbucl
|9 864390
|
| 655 |
|
7 |
|a články z novín a časopisov
|2 snkbucl
|9 267496
|
| 773 |
0 |
|
|t Staviteľstvo
|g Roč. 1, č. 9 (1996), s. 20-21
|
| 850 |
|
|
|a Slovenská národná knižnica v Martine
|a MTA001
|
| 852 |
|
|
|a SNK
|b KIS3GCP
|
| 958 |
|
|
|a RK
|
| 958 |
|
|
|a RBX
|
| 999 |
|
|
|c 1917721
|d 1919651
|